00579nam a22001817a 4500003000500000005001700005008004100022020001500063050002600078100002300104245008100127260005200208300004600260500004100306650001400347650001400361700002200375PILC20150519163112.0150519b xxu||||| |||| 00| 0 eng d a9716857382 aLB 1025.3b.N322 2011 aNavarro, Rosita L. aResearch-based teaching and learning /cRosita L. Navarro, Rosita G. Santos. aQuezon City :bLorimar Publishing, Inc.,c2011. aviii, 94 pages :billustrations ;c25 cm. aIncludes bibliographical references. aTeaching. aLearning. aSantos, Rosita G.